000 00517nam a2200169 a 4500
001 000049031
005 20201002061612.0
008 190715s19-- dr r 000 0 spa d
040 _aDO-SdBNP
_bspa
_cBNPHU
082 _axxxx
_bP123
100 1 _aPaderno Zanon, Graciella
_976439
245 1 3 _aLa salud al alcance de todos /
_cGraciela Padermo Zanon.
260 _aSanto Domingo :
_bEdiciones Vitesa,
_c[s.f.].
300 _a267 p. ;
_c21 cm.
504 _aBibliografía : p. 265-267
590 _aInventariado, 2019/BT
999 _c48519
_d48519